000 00517nam a2200217Ia 4500
005 20250425162733.0
008 250425s9999 xx 000 0 und d
020 _a9780849372582
041 _aeng
043 _axxu
082 _a572.5
245 0 _aBIOACTIVE NATURAL PRODUCTS
250 _aSECOND EDITION
260 _aEstados Unidos
_bCRC PRESS
_c2008
260 _aFLORIDA CITY
300 _a605
650 _aMATERIALES COMPUESTOS
650 _aPRODUCTOS QUIMICOS
942 _c01
010 _a104234
999 _c235387
_d235387